Operný herec v pohybe

Bibliographic Details
Main Author: Zahoráková, Elena, 1951- (Author)
Other Authors: Čierniková, Irina, 1963- (Reviewer), Mikuláš, Peter, 1954- (Reviewer), Čaprdová, Magdaléna (Reviewer), Koszoruová, Valéria, 1964- (Editor), Vragová, Anna (Translator), Šimončík, Branislav (Photographer)
Format: Book
Language:Slovak
PhysicalDescription:199 strán fotografie 21 cm
Published: Bratislava Vysoká škola múzických umení [2024]
ISBN:9788081951473
Edition:1. vydanie
Subjects:

MARC

LEADER 00000nam a2200000 4500
001 vtls012272973
003 SK-MaSNL
005 20260301232108.0
008 250310t2024 xo o g n 000 0 slo
020 |a 9788081951473  |q (brožované) 
040 |a SNK  |b slo  |c SNK  |e rda 
041 1 |a slo  |b eng  |b slo 
044 |a xo  |c SK 
072 7 |a 792  |x Divadlo. Divadelné predstavenia  |2 konspekt 
080 |a 78.071.2-055.1:782  |2 2011 
080 |a 791/792.071.2  |2 2011 
080 |a 792.028:[37.016:793.3]  |2 2011 
080 |a (048.8)  |2 2011 
100 1 |a Zahoráková, Elena,  |d 1951-  |4 aut  |9 625213 
245 1 0 |a Operný herec v pohybe  |c Elena Zahoráková ; preklad resumé: Anna Vargová 
250 |a 1. vydanie 
264 1 |a Bratislava  |b Vysoká škola múzických umení  |c [2024] 
264 4 |c ©2024 
300 |a 199 strán  |b fotografie  |c 21 cm 
336 |a text  |b txt  |2 rdacontent 
337 |a bez média  |b n  |2 rdamedia 
338 |a zväzok  |b nc  |2 rdacarrier 
500 |a Obsahuje biografické údaje o autorke 
504 |a Obsahuje bibliografiu na strane 195-196 a bibliografické odkazy 
546 |a Anglické a slovenské resumé 
650 0 7 |a operní speváci  |2 SNKPH  |9 2849 
650 0 7 |a herci  |2 SNKPH  |9 3087 
650 0 7 |a javiskový pohyb  |2 SNKPH  |9 202444 
650 0 7 |a operné postavy  |2 SNKPH  |9 614663 
650 0 7 |a Opera singers  |2 SNKPHeng  |9 291688 
650 0 7 |a Actors  |2 SNKPHeng  |9 278341 
650 0 7 |a Movement (acting)  |2 SNKPHeng  |9 344385 
655 7 |a monografie  |2 SNKPH  |9 70139 
655 7 |a Monographs  |2 SNKPHeng  |9 120675 
700 1 |a Čierniková, Irina,  |d 1963-  |4 rev  |9 240298 
700 1 |a Mikuláš, Peter,  |d 1954-  |4 rev  |9 109860 
700 1 |a Čaprdová, Magdaléna  |4 rev  |9 625214 
700 1 |a Koszoruová, Valéria,  |d 1964-  |4 edt  |9 625215 
700 1 |a Vragová, Anna  |4 trl  |9 625216 
700 1 |a Šimončík, Branislav  |4 pht  |9 547973 
700 1 |a Nosáľ, Peter  |4 bkd  |9 18808 
852 |a Slovenská národná knižnica 
919 |a 978-80-8195-147-3 
958 |a NB 
999 |c 960397  |d 962327 
952 |a SNK  |b SNK  |y NEVYP  |7 1  |p 17A1574050  |o snkSC 210343  |i snk2025/7867  |8 0  |0 0  |1 0  |4 0  |d 2025-05-16  |l 0  |r 2026-02-24 10:17:11  |w 2026-02-24